000 01205nam a2200301 i 4500
003 EG-GICUC
005 20260130163323.0
008 260124s2007 ua ||||fr|||| 00| 0 ara d
017 _a2006/13296
040 _a EG-GICUC
_bara
_c EG-GICUC
_d EG-GICUC
_erda
041 _aara
082 0 4 _221
_a343.3914
_bم ح . س
092 0 4 _221
099 _aLaw1 10 343.3914 م ح . س2007
100 0 _aمحمد على الكيك
_eمؤلف.
245 1 2 _aالسلطة التقديرية للقاضى الجنائى فى تطبيق العقوبة وتشديدها وتحقيق ووقف تنفيذها /
_cتأليف دكتور محمد على الكيك.
264 1 _aالاسكندرية :
_bدار المطبوعات الجامعية،
_c2007.
300 _a209 صفحة ;
_c24 سم.
336 _2rda content
_atext
337 _2rda media
_aComputer
338 _2rda carrier
_aOnline Resource
504 _aيشتمل على إرجاعات ببليوجرافية.
650 1 _aالقانون الجنائى
650 1 _aالإقتناع الذاتي للقاضي الجنائي
856 4 0 _uhttps://fll.law.cu.edu.eg/fulltext/bks/B10-06076.pdf
905 _a43
_eYara
942 _2ddc
_n0
_cBK
_e21
999 _c59131
_d59131